00318nam a22000977a 4500008004100000022001400041040005500055245003400110260006200144310001400206230808b |||||||| |||| 00| 0 eng d a0971-9784 aNational Science LibrarycNational Science Library aAnnals of cardiac anaesthesia aMumbai: bMedknow Publications and Media Pvt Ltd., c1998 aQuarterly